000 00672nam a2200229 i 4500
001 C2-0240892
003 PPAK
005 20180727203441.0
008 020729s1984 nyua|||| ||||| | eng d
040 _aPPAK
_beng
_cPPAK
_erda
082 0 4 _a305.235
_223
090 0 0 _a305.235
_bPRO
_dKK
245 0 0 _aProspects and promises :
_byouth confronts the future.
264 1 _aNew York :
_bUnited Nation Children's Fund (UNICEF) ,
_c1984
300 _a35 pages :
_billustrations ;
_c28 cm
336 _2rdacontent
_atext
337 _2rdamedia
_aunmediated
338 _2rdacarrier
_avolume
500 _aUNICEF News
650 1 0 _aYouth - Conduct of life.
942 _ddc
_cB
999 _c56046
_d56046